Pavillons - Statistiques

Statistiques générales
  • Ce quiz a été pris 34 fois
  • Le résultat moyen est 15 sur 36
Statistiques - réponses
Par images Réponse % Correct
Alpha
100%
Bravo
100%
India
88%
Charlie
75%
Golf
63%
November
63%
Papa
63%
Zulu
63%
1
50%
Foxtrot
50%
Kilo
50%
Mike
50%
Romeo
50%
Yankee
50%
2
38%
3
38%
Echo
38%
Oscar
38%
Tango
38%
Victor
38%
7
25%
8
25%
9
25%
Delta
25%
Hotel
25%
Juliet
25%
Lima
25%
Quebec
25%
Sierra
25%
Uniform
25%
Whiskey
25%
X-Ray
25%
0
13%
4
13%
5
13%
6
13%
Aucun quiz correspondant
Distribution des résultats
% des personnes avec chaque résultat
Percentile par nombre de réponses
Votre historique - résultats
Vous n’avez pas pris ce quiz